000 00638cam a2200229 4500500
005 20260405002646.0
041 _afre
042 _adc
100 1 0 _aDuru, Martin
_eauthor
245 0 0 _aRepérages / mars 2018
260 _c2018.
500 _a35
690 _aBill Miller
690 _aChristiane Taubira
690 _aFake news
690 _aMauss
690 _aMinorité
690 _aTocqueville
690 _aZététique
786 0 _nPhilosophie magazine | 117 | 3 | 2018-03-01 | p. 8-9 | 1951-1787
856 4 1 _uhttps://shs.cairn.info/magazine-philosophie-magazine-2018-3-page-8?lang=fr&redirect-ssocas=7080
999 _c2059790
_d2059790